Quizzes
Events
Quiz Creation
Community
Videos
Private Events
Remove Ads
Sign In
Join for FREE
Feedback
Dark Mode
Quiz Categories
Sports
Geography
Music
Movies
Television
Just For Fun
Miscellaneous
History
Literature
Language
Science
Gaming
Entertainment
Religion
Holiday
For Kids
Quiz Lab
Recent
Popular Today
Quiz Kudos Today
Editor Picks
Curator Picks
Quizzes by...
Day
Popularity
Type
Ratings
Length
Year
Community
Subscriptions
Recent Discussions
Orange Saloon
Badges
Playlists
Quests
Create
Leaderboards
Showdown
Live 5
Trivia Bingo
Activity
Puzzle Library
Sporcle Events
Private Events
Virtual Trivia
Globe League
Become a Host
Pub Owners
SporcleCon
Opinionation
Our Games
Videos
Blog
Mobile Apps
Partnerships
Remove Ads and Go Orange
Feedback
Music
Pop Music
The Beatles
Song
Album
Lyrics
Bands
Singers
Artist
Clip
Rock
Rap
Classical
Billboard
Country Music
Kpop
Taylor Swift
Music
Pop Music
The Beatles
Song
Album
Lyrics
Bands
Singers
Artist
Clip
Rock
Rap
Classical
Billboard
Country Music
Kpop
Taylor Swift
Random Quiz
Search Sporcle
×
Quiz Lab
Quiz Lab
Music
Song
Select answers by clicking on text or image buttons
Select answers by clicking on text or image buttons
Clickable
Best Score? Go Orange.
Indie Rock Match-Up Stats
Can you Match-Up these 50 Indie Rock Songs to their respective Bands?
By
chameofive13470
15m
50 Questions
316 Plays
316 Plays
316 Plays
Comments
Comments
Give Quiz Kudos
Give Quiz Kudos
-
- Ratings
hide this ad
Forced Order
Answers have to be entered in order
Answers have to be entered in order
Replay
Link that replays current quiz
Next Quiz
Link to next quiz in quiz playlist
You Got
0%
They Got
Avg Score
42%
Avg Friend Score
Upgrade to see
Score Distribution
Jump to the score distribution portion of the page
Score
0/50
Timer
15:00
0
Plays Today
% Correct
The White Stripes
96.2%
Franz Ferdinand
92.4%
Blur
88.6%
The Verve
87.7%
The Strokes
85.1%
Radiohead
85.1%
Pixies
82.9%
Beck
82.9%
The Cranberries
77.2%
Modest Mouse
76.9%
The Smiths
75%
Vampire Weekend
71.8%
Phoenix
71.5%
The Killers
71.2%
Sonic Youth
61.1%
The Flaming Lips
61.1%
The Shins
56.6%
The Stone Roses
53.2%
Pavement
50%
Cage The Elephant
49.1%
TV On The Radio
48.4%
Joy Division
47.5%
Neutral Milk Hotel
44%
Bright Eyes
41.8%
Cold War Kids
38.3%
% Correct
Placebo
34.2%
Built To Spill
32.9%
Spoon
32.3%
The Decemberists
31.3%
Kaiser Chiefs
30.1%
Animal Collective
29.4%
Fugazi
27.2%
Interpol
26.9%
We Are Scientists
24.4%
Of Montreal
21.8%
Brand New
19.9%
Wilco
18%
...And You Will Know Us By The Trail Of Dead
15.8%
The Dismemberment Plan
13.3%
Sebadoh
10.1%
My Morning Jacket
9.8%
Hum
9.5%
The Twilight Sad
7%
Minus The Bear
6.3%
Half Moon Run
6.3%
The Get Up Kids
6%
Okkervil River
5.7%
Bear Vs. Shark
5.1%
The Rakes
4.1%
The Record Low
3.8%
Quiz Playlist
Details
Report
Send in Message
Add To Playlist
Clickable:
Select answers by clicking on text or image buttons
Forced Order:
Answers have to be entered in order
Last Updated: Feb 16, 2017
Quiz Scoreboard
CHALLENGE
Sign Up to Join the Scoreboard
Show All
Scores
Hide
Comments
May contain spoilers
Recently Published
Presidents Visiting Landmarks
by Hejman
History
7m
An Introduction to Baseball
by treessimontrees
Sports
5m
Movies - When Are They Set?
by FPL_Elf
Movies
5m
More to Explore
Quiz From the Vault
Featured Blog Post
Where Did the Easter Bunny Come From?
hide this ad
You Might Also Like...
Tags
Clickable Quiz
Rock Quiz
Song Quiz
indie
Respective
Rock Songs
Today's Top Quizzes in Music
Browse Music
hide this ad
Today's Top Quizzes in Song
Browse Song
Top Contributed Quizzes in Music
1
Taylor Swift All Songs (2024)
2
Guess the Artist- 70s Songs
3
One Thing in Common: Music
4
KPOP LOGIC QUIZ
5
2010s Album by Cover III
6
Taylor Swift Logic Puzzle
7
Guess the Taylor Swift song (Mystery Song)
8
7-to-1: Billboard Hot 100 #1 Hits of 2010s
9
2010s Album by Cover IV
10
2010s Album by Cover V
Explore More
Trending Topics
Disney
Kpop
NBA
Harry Potter
Crossword
Marvel
Anime
NFL
Song
Soccer
Puzzle
Country
The Office
WWE
Pokémon
hide this ad
More By:
chameofive13470
Quiz
Plays
Rating
Category
Featured
Created
100 Classic 90's Alternative Rock Bands
2,198
3.92
Music
Mar 24, 2016
Top 100 Metal Bands
1,071
2.50
Music
Apr 22, 2016
Top 100 Punk Bands
993
4.50
Music
Apr 20, 2016
Top 100 Indie Bands
711
3.67
Music
Apr 27, 2016
200 Indie Bands
405
4.83
Music
May 13, 2016
Go to Creator's Profile
Score Distribution
Quiz Creator Spotlight
chameofive13470
Follow
Send a Message
Quizzes Created
-
Created Quiz Play Count
-
More By This Creator
Popular Quizzes Today
1
Find the US States - No Outlines Minefield
2
Find the Countries of Europe - No Outlines Minefield
3
The Countries of the World
4
Popular People in 1961
5
Find the US States
6
US States
7
Risky Map Clicking: Biggest States A-Z
8
1-10 Letter E Words III
More Music Quizzes
Album LogiCossword: The Beatles
Curator's Pick
Trending Quizzes
Risky Map Clicking: Least Populous States A-Z
1-10 Letter G Words
1-10 Letter F Words
One Thing in Common: United Kingdom
Risky Map Clicking: Next State Alphabetically
Recently Updated
Leaping Animals
pecheneg
Reality TV Shows (A-Z)
bhenderson79
Rickey Henderson's Hall of Fame Teammates
pecheneg
Champions League XIs: Arsenal
pecheneg
Quick Pick: Celebrities in WWE's Hall of Fame
aduchscher
A-Z Keypad Blitz II
pecheneg
Multiple Oscar Actors
pecheneg
Mystery Phrase Blitz: Oscar 'Best Actors'
pecheneg
F. Scott Fitzgerald Novels
LTH
Pick 3 Villains
ddd62291
Trending Topics
NBA
Harry Potter
Disney
Crossword
Kpop
Marvel
Anime
WWE
Soccer
Song
NFL
The Office
Country
Puzzle
Pokémon
Your Account Isn't Verified!
In order to create a playlist on Sporcle, you need to verify the email address you used during registration. Go to your
Sporcle Settings
to finish the process.
Report this User
Report this user for behavior that violates our
Community Guidelines
.
Details:
Send Report
Go to the Sporcle.com Mobile Site →
Comments